000 00632nam a2200205 a 4500
005 20250527063814.0
008 080305s2002 mx r 000 0 spa d
020 _a9706906320
035 _aUPN01000154747
049 _aI
050 4 _aDT62 M7
_bM3.5
100 1 _aMalam, John,
_d1957-
_933587
245 1 0 _aMomias y los secretos del antiguo Egipto /
_cJohn Malam ; tr. Eunice Cortés.
260 _aMéxico :
_bPlaneta,
_c2002.
300 _a96 p. :
_bil. col.
440 0 _aPlaneta Junior.
_pMegabites
650 4 _aMOMIAS -
_zEGIPTO -
_vLITERATURA JUVENIL
_99927
651 4 _aEgipto
_xAntigüedades
_911717
905 _aInfantil
999 _c126863
_d126863